00656nam a22001937a 4500999001900000005001700019010001500036020002600051035001400077037001300091082001000104100001900114245004700133260003700180270007500217300002400292942002400316952012200340 c170163d17016320191211145050.0 aENG-127082 c696.00a9788182473379 aEN-110614 bDBAD/PUB a363.7 aBhandari, R.S. aEnvironmental education /cby R.S.Bhandari aHaryanabDelhi Book Bureauc2012 aS.C.O. 43, First Floor, Swastik Viahr MDCbPanchkula, Haryanae2593612 avii;265p.c22cm(Hb) 2ddccENh363.7mBHA 001040708NFICaZLSbZLSd2019-12-11eDBAD/PUBg696.00l0o363.7 BHApEN-110614r2019-12-11 00:00:00t1v696.00yEN